000 00352nam a2200133Ia 4500
008 151021s9999 xx 000 0 und d
020 _a9.7899664681e+012
050 _aPL 8704 .M 1996
245 _a_Vipuli Vya Figo Emmanuel Mbogo
260 _aNairobi E.A.E.P 1996
300 _a262p.
650 _a_fasihi
980 _a^d20131017 11:16:59^oanne
999 _c14512
_d14512